• 首页
  • 本馆介绍
  • 公告通知
  • 最新文献
  • 馆藏检索
  • 电子资源
  • 读者导购
  • 参考咨询
  • 我的图书馆
  • 登录
  • 详细信息显示
  • 放入我的书架
  • 预约/预借图书
  • 作者相关作品
  • 分类相关作品
  • 丛书相关作品
  • 出版社相关作品

书目信息

  • 表格格式
  • 工作单格式
  • 卡片格式
题名:
学校社会心理实践研究
    
 
作者: 杨昌勇 , 孙中欣 著
分册:  
出版信息: 成都   四川教育出版社  1999
页数: 191页
开本: 19cm
丛书名: 中国教育热点难点研究丛书
单 册:
中图分类: G446
科图分类:
主题词: 学校教育--教育社会学--社会心理学 , 学校教育 , 教育社会学 , 社会心理学
电子资源:
ISBN: 7-5408-3331-9
000 00827oam2 2200277 450
001 1534957290
005 20150206094252.35
010    @a7-5408-3331-9@dCNY8.30
100    @a19991122d1999 em y0chiy0110 ea
101 0  @achi
102    @aCN@b510000
105    @ay z 000yy
200 1  @a学校社会心理实践研究@9xue xiao she hui xin li shi jian yan jiu@f杨昌勇,孙中欣著
210    @a成都@c四川教育出版社@d1999
215    @a191页@d19cm
225 2  @a中国教育热点难点研究丛书@h第三辑
461  0 @12001 @a中国教育热点难点研究丛书
606 0  @a学校教育@x教育社会学@x社会心理学
606 0  @a学校教育
606 0  @a教育社会学
606 0  @a社会心理学
690    @aG446@v5
701  0 @a杨昌勇@9yang chang yong@f(1958~)@4著
701  0 @a孙中欣@9sun zhong xin@4著
801  0 @aCN@bTSSF@c20150206
905    @aZUCC@dG446@eJY1
    
    学校社会心理实践研究/杨昌勇,孙中欣著.-成都:四川教育出版社,1999
    191页;19cm.-(中国教育热点难点研究丛书.第三辑)
    
    
    ISBN 7-5408-3331-9:CNY8.30
    
●
相关链接 在E读中查询图书 在五车中查询图书 在当当中查询图书 在豆瓣中查询图书


正题名:学校社会心理实践研究     索取号:G446/JY1         预约/预借

序号 登录号 条形码 馆藏地/架位号 状态 备注
1 7846391   278463912   学院路分馆/ [索取号:G446/JY1] 在馆    
唐山师范学院图书馆 欢迎您!
大连网信软件有限公司© 版权所有